000 00384nam a2200157Ia 4500
008 230524s9999 xx 000 0 und d
082 _a537
_bVAS
100 _aD.N.Vasudeva
245 0 _aFundamentals of Magnetism and Electricity
250 _a1ST
260 _aNEW DELHI
_bS.Chand
_c2004
300 _aVII;944
500 _aQuantity Number: 2
650 _aPhysics
942 _cBK
999 _c13691
_d13691